000 00243nam a2200109Ia 4500
008 230907s9999||||xx |||||||||||||| ||und||
082 _a620.5
_bNAN
245 0 _aNanoparticles :
260 _aSpringer,
_c2004
300 _a284 p.
942 _cBK
999 _c598493
_d598493